The end of peacekeeping : (Record no. 614170)

000 -LEADER
fixed length control field 01882cam a22004218i 4500
001 - CONTROL NUMBER
control field 23608490
005 - DATE AND TIME OF LATEST TRANSACTION
control field 20250709151223.0
008 - FIXED-LENGTH DATA ELEMENTS--GENERAL INFORMATION
fixed length control field 240315t20242024pau b 001 0 eng
010 ## - LIBRARY OF CONGRESS CONTROL NUMBER
LC control number 2024008423
020 ## - INTERNATIONAL STANDARD BOOK NUMBER
International Standard Book Number 9781512825237
Qualifying information (hardcover)
035 ## - SYSTEM CONTROL NUMBER
System control number 23608490
040 ## - CATALOGING SOURCE
Original cataloging agency PU/DLC
Language of cataloging eng
Description conventions rda
Transcribing agency DLC
Modifying agency DLC
042 ## - AUTHENTICATION CODE
Authentication code pcc
050 00 - LIBRARY OF CONGRESS CALL NUMBER
Classification number JZ6374
Item number .H45 2024
082 00 - DEWEY DECIMAL CLASSIFICATION NUMBER
Classification number 341.584
Edition number 23/eng/20240322
Author Mark HEN 2024
100 1# - MAIN ENTRY--PERSONAL NAME
Personal name Henry, Marsha,
Relator term author.
9 (RLIN) 129531
245 14 - TITLE STATEMENT
Title The end of peacekeeping :
Remainder of title gender, race, and the martial politics of intervention /
Statement of responsibility, etc. Marsha Henry.
250 ## - EDITION STATEMENT
Edition statement 1st edition.
263 ## - PROJECTED PUBLICATION DATE
Projected publication date 2406
264 #1 - PRODUCTION, PUBLICATION, DISTRIBUTION, MANUFACTURE, AND COPYRIGHT NOTICE
Place of production, publication, distribution, manufacture Philadelphia :
Name of producer, publisher, distributor, manufacturer University of Pennsylvania Press,
Date of production, publication, distribution, manufacture, or copyright notice [2024]
264 #4 - PRODUCTION, PUBLICATION, DISTRIBUTION, MANUFACTURE, AND COPYRIGHT NOTICE
Date of production, publication, distribution, manufacture, or copyright notice ©2024
300 ## - PHYSICAL DESCRIPTION
Extent pages cm
Other physical details phtotcopy
336 ## - CONTENT TYPE
Content type term text
Content type code txt
Source rdacontent
337 ## - MEDIA TYPE
Media type term unmediated
Media type code n
Source rdamedia
338 ## - CARRIER TYPE
Carrier type term volume
Carrier type code nc
Source rdacarrier
504 ## - BIBLIOGRAPHY, ETC. NOTE
Bibliography, etc. note Includes bibliographical references and index.
520 ## - SUMMARY, ETC.
Summary, etc. "In The End of Peacekeeping, Marsha Henry returns to feminist, postcolonial and anti-militarist frameworks to expose peacekeeping as an epistemic power project in need of abolition. Drawing on critical concepts from Black feminist thought, and from postcolonial and critical race theories, Henry shows how contemporary peacekeeping produces gender and racial inequalities through increasingly militarized strategies"--
Assigning source Provided by publisher.
650 #0 - SUBJECT ADDED ENTRY--TOPICAL TERM
Topical term or geographic name entry element Peacekeeping forces
General subdivision Moral and ethical aspects.
9 (RLIN) 129532
650 #0 - SUBJECT ADDED ENTRY--TOPICAL TERM
Topical term or geographic name entry element Humanitarian intervention
General subdivision Moral and ethical aspects.
9 (RLIN) 129533
650 #0 - SUBJECT ADDED ENTRY--TOPICAL TERM
Topical term or geographic name entry element Power (Social sciences)
9 (RLIN) 11467
650 #0 - SUBJECT ADDED ENTRY--TOPICAL TERM
Topical term or geographic name entry element Gender in conflict management.
9 (RLIN) 129534
650 #0 - SUBJECT ADDED ENTRY--TOPICAL TERM
Topical term or geographic name entry element Women
General subdivision Social conditions.
9 (RLIN) 36422
650 #0 - SUBJECT ADDED ENTRY--TOPICAL TERM
Topical term or geographic name entry element Race discrimination.
9 (RLIN) 129535
650 #0 - SUBJECT ADDED ENTRY--TOPICAL TERM
Topical term or geographic name entry element Militarism.
9 (RLIN) 48779
906 ## - LOCAL DATA ELEMENT F, LDF (RLIN)
a 7
b cbc
c orignew
d 1
e ecip
f 20
g y-gencatlg
942 ## - ADDED ENTRY ELEMENTS (KOHA)
Source of classification or shelving scheme
Koha item type Book
Holdings
Withdrawn status Lost status Source of classification or shelving scheme Damaged status Not for loan Permanent Location Current Location Shelving location Date acquired Total Checkouts Full call number Barcode Date last seen Price effective from Koha item type
          Centre for International Peace & Stability (CIPS) Centre for International Peace & Stability (CIPS) General Stacks 06/04/2025   341.584 HEN 2024 CIPS0002930 07/09/2025 07/09/2025 Book
© 2023 Central Library, National University of Sciences and Technology. All Rights Reserved.